Su mejor alumno : Ezequiel Martínez Estrada y el doctor Rene Favaloro /

Un homenaje al Dr René Favaloro recordando la amistad que lo unió a uno de sus maestros más apreciados, el escritor y pensador Ezequiel Martínez Estrada. Ambos se conocieron cuando el cardiocirujano más importante que haya dado el país cursaba sus estudios secundarios en el Colegio Nacional de La Pl...

Descripción completa

Guardado en:
Autor Principal: Freinquel, Alberto
Otros Autores: Moreno, Fernando; Locución.
Formato: Deslizar
Publicado: Bahía Blanca, 2008.
Materias:
Etiquetas: Agregar Etiqueta
Sin Etiquetas, Sea el primero en etiquetar este registro!
LEADER 01393ngm a22002535g 4500
001 CEM.cems023850
008 130507s2008####ag############0###0#####d
005 20250710153258.0
245 1 0 |a Su mejor alumno :  |b Ezequiel Martínez Estrada y el doctor Rene Favaloro /  |c Alberto Freinquel. 
260 |a Bahía Blanca,  |c 2008. 
300 |a 59'. 
500 |a Consultar en ventanilla. 
520 |a Un homenaje al Dr René Favaloro recordando la amistad que lo unió a uno de sus maestros más apreciados, el escritor y pensador Ezequiel Martínez Estrada. Ambos se conocieron cuando el cardiocirujano más importante que haya dado el país cursaba sus estudios secundarios en el Colegio Nacional de La Plata. Luego el destino quiso que durante el tiempo que Favaloro estuvo trabajando como médico rural en Jacinto Aráuz y el escritor ya residía en Bahía Blanca siguieran compartiendo sus pensamientos en relación a la educación, la honestidad, la respetabilidad y el trabajo digno e intenso. 
538 |a Soporte: DVD - Formato: DVD - Resolución: 720 x 480 
100 1 |a Freinquel, Alberto 
700 1 |a Moreno, Fernando; Locución. 
082 9 2 |/ FRE 
653 |a HISTORIA 
653 |a HISTORIA ARGENTINA 
653 |a BIOGRAFIAS 
653 |a FAVALORO 
653 |a MARTINEZ ESTRADA 
653 |a DOCUMENTAL 
859 |a CEMS  |b BIB. CEMS - Depto. Recursos Didacticos  |h 928  |i FRE  |k DRD  |p 2493.15  |t Ej.1